Professional Adjustments & Ethics For Nurses in India / (Record no. 1612)

MARC details
000 -LEADER
Fixed length control field 00646nam a2200217Ia 4500
003 - CONTROL NUMBER IDENTIFIER
Control field IIN
005 - DATE AND TIME OF LATEST TRANSACTION
Control field 20240205132819.0
008 - FIXED-LENGTH DATA ELEMENTS--GENERAL INFORMATION
Fixed length control field 231217s9999 xx 000 0 und d
020 ## - INTERNATIONAL STANDARD BOOK NUMBER / ISBN
Price Rs.250.00
International Standard Book Number 9788192029603
040 ## - CATALOGING SOURCE
Original cataloging agency IIN
Language of cataloging English
082 ## - DEWEY DECIMAL CLASSIFICATION NUMBER
Classification number 610.73
Book Number ZWE
100 1# - MAIN ENTRY--PERSONAL NAME
Personal name Zwemer, Ann
245 1# - TITLE STATEMENT
Title Professional Adjustments & Ethics For Nurses in India /
Statement of responsibility Ann Zwemer & Vivian Churness
250 ## - EDITION STATEMENT
Edition statement 7th revised ed
260 ## - IMPRINT
Name of publisher Ecumenical Book Service
Place of publication Chennai
Date of publication 2014
300 ## - PHYSICAL DESCRIPTION
Page / Vol. No xviii, 334p.
650 1# - SUBJECT ADDED ENTRY--TOPICAL TERM
Topical term Management
Form subdivision Nursing
650 1# - SUBJECT ADDED ENTRY--TOPICAL TERM
Topical term Administration
Form subdivision Nursing
650 1# - SUBJECT ADDED ENTRY--TOPICAL TERM
Topical term Professional Adjustments
Form subdivision Nursing
942 ## - ADDED ENTRY ELEMENTS (KOHA)
Koha item type Books
Holdings
Withdrawn status Lost status Damaged status Not for loan Collection code Home library Current library Date acquired Price Total Checkouts Call number Accession number Date last seen Price effective from Koha item type
          IDEAL INSTITUTE OF NURSING IDEAL INSTITUTE OF NURSING 17/12/2023 250.00   610.73 ZWE 1606 17/12/2023 17/12/2023 Books
          IDEAL INSTITUTE OF NURSING IDEAL INSTITUTE OF NURSING 17/12/2023 250.00   610.73 ZWE 1607 17/12/2023 17/12/2023 Books
          IDEAL INSTITUTE OF NURSING IDEAL INSTITUTE OF NURSING 17/12/2023 250.00   610.73 ZWE 1608 17/12/2023 17/12/2023 Books
© Ideal Institute Of Nursing, All rights reserved.         Powered by Koha